000 00631nam a22002177a 4500
005 20251108170825.0
008 250721s1996 xx 000 0 ara d
020 _a977140315x
082 1 4 _aط/500/سمي
100 1 _aسميث، كاتي
245 1 0 _aكيف؟ /
264 1 _aالقاهرة :
_bدار نهضة مصر،
_c1996.
300 _a22 ص.
490 0 _aلكل سؤال جواب
_v2
650 1 7 _aالعلوم
653 _aأطفال مرحلة متوسطة (6-9 سنوات)
700 1 _aستورمس، روبرت
_eCart.
700 1 _aمحفوظ، نجلاء
_eTran.
942 _2ddc
_cBK
999 _c49842
_d49842